Studiën en bijdragen op 't gebied der historische theologie, (Record no. 18592)

MARC details
000 -LEADER
fixed length control field 00517cam a22001931 4500
001 - CONTROL NUMBER
control field d 01000105
003 - CONTROL NUMBER IDENTIFIER
control field DLC
005 - DATE AND TIME OF LATEST TRANSACTION
control field 20260227111148.0
008 - FIXED-LENGTH DATA ELEMENTS--GENERAL INFORMATION
fixed length control field 890515m18701880ne 000 0 dut
010 ## - LIBRARY OF CONGRESS CONTROL NUMBER
LC control number d 01000105
035 ## - SYSTEM CONTROL NUMBER
System control number (OCoLC)23397606
040 ## - CATALOGING SOURCE
Original cataloging agency DLC
Transcribing agency MiU
Modifying agency DLC
042 ## - AUTHENTICATION CODE
Authentication code premarc
050 00 - LIBRARY OF CONGRESS CALL NUMBER
Classification number BR141
Item number .M6
100 1# - MAIN ENTRY--PERSONAL NAME
Personal name Moll, Willem,
Dates associated with a name 1812-1879.
245 00 - TITLE STATEMENT
Title Studiën en bijdragen op 't gebied der historische theologie,
260 ## - PUBLICATION, DISTRIBUTION, ETC.
Place of publication, distribution, etc. Amsterdam,
Name of publisher, distributor, etc. G. L. Funke,
Date of publication, distribution, etc. 1870-80.
300 ## - PHYSICAL DESCRIPTION
Extent 4 v.
Dimensions cm.

No items available.

Powered by Koha